Rynki i rynočnaja vlasť teorija organizacii promyšlennosti
Salvato in:
| Autore principale: | |
|---|---|
| Natura: | Libro |
| Lingua: | russo |
| Pubblicazione: |
Sankt-Peterburg
Ekonomičeskaja škola
2000
|
| Edizione: | 2. isprav. izd. |
| Serie: | Biblioteka Ekonomičeskoj školy
vypusk 31 |
| Soggetti: | |
| Tags: |
Nessun Tag, puoi essere il primo ad aggiungerne!!
|
MARC
| LEADER | 00000nam$a2200000$$$4500 | ||
|---|---|---|---|
| 001 | 0065521 | ||
| 005 | 20230120103511.2 | ||
| 020 | |a 5-900428-54-0 | ||
| 041 | 0 | |a rus | |
| 044 | |a RU | ||
| 245 | 1 | 0 | |a Rynki i rynočnaja vlasť |b teorija organizacii promyšlennosti |c Žan Tiroľ |
| 250 | |a 2. isprav. izd. | ||
| 264 | 1 | |a Sankt-Peterburg |b Ekonomičeskaja škola |c 2000 | |
| 300 | |a 328 s. | ||
| 490 | 1 | |a Biblioteka Ekonomičeskoj školy |v vypusk 31 | |
| 830 | 0 | |a Biblioteka Ekonomičeskoj školy |v vypusk 31 | |
| 610 | 2 | 0 | |a organizácia priemyslu |
| 610 | 2 | 0 | |a teórie ekonomické |
| 610 | 2 | 0 | |a trh |
| 610 | 2 | 0 | |a hospodárstvo trhové |
| 610 | 2 | 0 | |a podnik |
| 610 | 2 | 0 | |a firmy |
| 610 | 2 | 0 | |a monopoly |
| 610 | 2 | 0 | |a produkty |
| 610 | 2 | 0 | |a reklama |
| 610 | 2 | 0 | |a ceny |
| 610 | 2 | 0 | |a diskriminácia |
| 610 | 2 | 0 | |a teória konkurencie |
| 610 | 2 | 0 | |a teória hier |
| 610 | 2 | 0 | |a hry ekonomické |
| 100 | 1 | |a Tirole, Jean | |